000 00861nam1a22002531 4500
001 RU\NLR\INFOCOMM5\ROSSICA\1000296134
005 20241101015710.0
035 _a(NLR Aleph) 009939969
090 _a10758051
_c10758051
100 _a20030521d1850 |||y0rusy50 ba
101 0 _ager
102 _aRU
105 _ay ||||000ay
200 1 _aH. K. E. Köhler's gesammelte Schriften
_eIm Auftrage der Kais. Academie d. Wissenchaften herausgegeben von Ludolf Stephani
_fLudolf Stephani
210 _aSpb.
_d1850
600 1 _aKöhler
_gHeinr. K. Ernst
_bH.K.E.
_2PSBO
702 1 _4340
_7ba
_8ger
_aStefani
_bL. E.
_f1816-1887
_gLudol'f Eduardovič
_9176305
_3RU\NLR\AUTH\770176356
801 1 _aRU
_bInfoComm
_c20030521
801 0 _aRU
_bNLR
_gPSBO
852 _aNLR
_bИстор. отд.
_j14.8.3.165
942 _cBOOK
980 _aRossica